000 01148nam a2200217Ia 4500
999 _c37681
_d37681
001 3654
003 GE_BSU
005 20190625213646.0
008 181216s2009||||ge |||||||||||||| ||geo||
040 _cGE_BSU
041 _ageo
080 _a342.4(479) ს–32
245 _aსაქართველოს დემოკრატიული რესპუბლიკის 1921 წლის 21 თებერვლის კონსტიტუცია :
_b1918 წლის 26 მაისის "აქტი საქართველოს დამოუკიდებლობა" /
_cგამოცემაზე მუშაობდნენ მიხეილ შერვაშიძე და სხვ.
264 _aბათუმი,
_c2009.
300 _a55 გვ.
_b20 სმ.
653 _aსაქართველოს კონსტიტუცია
653 _aსამართალი
653 _aსაქართველოს დამოუკიდებლობა
700 _aშერვაშიძე, მიხეილ
_eრედაქტორი
_92943
942 _cBK
_2udc